000 00476nam a2200193 a 4500
003 AR-BaBNM
005 20251128203626.0
008 082120s2002 ||||||||||||||000 | spa||
040 _cAR-BaBNM
245 0 0 _aVidas de grandes argentinos
_bA-GASCON
_n1
260 _aBuenos Aires
_bAntonio Fossati
_c1960
300 _a411 p.
_bil., láms.
650 4 _aDICCIONARIOS
650 4 _aBIOGRAFIAS
651 4 _aArgentina
655 _aREFERENCIA
942 _cBK
998 _claura
999 _c4203
_d4203